[Event "CRO-Cup 19th"]
[Site "Sibenik"]
[Date "2010.05.19"]
[Round "1"]
[White "Messing, Hrvoje"]
[Black "Doric, Darko"]
[Result "0-1"]
[WhiteElo "2331"]
[BlackElo "2464"]
[PlyCount "88"]
[EventDate "2010.05.19"]
[EventType "team-tourn"]
[EventRounds "6"]
[EventCountry "CRO"]
[SourceTitle "CBM 136 Extra"]
[Source "ChessBase"]
[SourceDate "2010.07.02"]
[SourceVersion "2"]
[SourceVersionDate "2010.07.15"]
[SourceQuality "1"]

1. e4 c5 2. Nf3 e6 3. d4 cxd4 4. Nxd4 Nc6 5. Nc3 Qc7 6. Be2 a6 7. 0-0 Nf6 8. Be3 Be7 9. f4 d6 10. a4 0-0 11. Nb3 b6 12. Bf3 Bb7 13. Qd2 Rad8 14. Qf2 Nd7 15. Rad1 Nc5 16. Nd4 Nxd4 17. Bxd4 e5 18. fxe5 dxe5 19. Be3 Rxd1 20. Rxd1 Rd8 21. Rxd8+ Bxd8 22. Qd2 Be7 23. a5 bxa5 24. Nd5 Bxd5 25. Qxd5 g6 26. Be2 Ne6 27. Bxa6 Bc5 28. Bxc5 Nxc5 29. Bc4 Kg7 30. b3 h5 31. g3 Ne6 32. Kg2 h4 33. c3 Ng5 34. gxh4 Ne6 35. Qd2 Nf4+ 36. Kf2 a4 37. Qa2 Qa7+ 38. Kf3 a3 39. b4 Qd7 40. Ke3 Qd1 41. Qd2 Qg1+ 42. Qf2 Qa1 43. Qd2 Qh1 44. Ba2 Qf1 0-1

[Event "Zagreb op-A"]
[Site "Zagreb"]
[Date "2010.03.04"]
[Round "9"]
[White "Zufic, Miroslav"]
[Black "Messing, Hrvoje"]
[Result "1/2-1/2"]
[WhiteElo "2450"]
[BlackElo "2331"]
[PlyCount "104"]
[EventDate "2010.02.25"]
[EventType "swiss"]
[EventRounds "9"]
[EventCountry "CRO"]
[SourceTitle "CBM 135 Extra"]
[Source "ChessBase"]
[SourceDate "2010.05.04"]
[SourceVersion "1"]
[SourceVersionDate "2010.05.04"]
[SourceQuality "1"]

1. e4 e5 2. Nf3 Nc6 3. Bb5 a6 4. Ba4 Nf6 5. 0-0 Be7 6. Re1 b5 7. Bb3 0-0 8. d4 d6 9. c3 Bg4 10. Be3 Na5 11. Bc2 Nc4 12. Bc1 Nd7 13. b3 Ncb6 14. h3 Bh5 15. a4 bxa4 16. bxa4 c5 17. d5 Nc4 18. Bd3 Na5 19. Be3 c4 20. Bc2 Qc7 21. Nbd2 Rab8 22. g4 Bg6 23. Nf1 Nc5 24. Ng3 Rfc8 25. Kh2 Nab3 26. Ra2 Qa5 27. h4 h6 28. h5 Bh7 29. Nf5 Bxf5 30. gxf5 Qxc3 31. Rg1 Kf8 32. Kh1 Nd3 33. Nh2 Bg5 34. Rxg5 hxg5 35. Qg4 f6 36. Nf3 Nf4 37. Kh2 Nd4 38. Nxd4 exd4 39. Bxf4 gxf4 40. h6 gxh6 41. Qg6 d3 42. Qxh6+ Ke8 43. Qh8+ Kd7 44. Qg7+ Kd8 45. Qf8+ Kc7 46. Qe7+ Kb6 47. a5+ Kb5 48. Qd7+ Kc5 49. Qa7+ Kb5 50. Qd7+ Kc5 51. Qa7+ Kb5 52. Qd7+ Kc5 1/2-1/2

[Event "CRO Cup 17th"]
[Site "Sibenik"]
[Date "2008.05.25"]
[Round "5"]
[White "Messing, Hrvoje"]
[Black "Seres, Sandor"]
[Result "1-0"]
[WhiteElo "2359"]
[BlackElo "2204"]
[PlyCount "71"]
[EventDate "2008.05.21"]
[EventType "swiss"]
[EventRounds "5"]
[EventCountry "CRO"]
[SourceTitle "CBM 124 Extra"]
[Source "ChessBase"]
[SourceDate "2008.07.03"]
[SourceVersion "1"]
[SourceVersionDate "2008.07.03"]
[SourceQuality "1"]

1. e4 c5 2. Nf3 Nc6 3. d4 cxd4 4. Nxd4 Nf6 5. Nc3 d6 6. Bg5 e6 7. Qd2 Bd7 8. Ndb5 Qb8 9. 0-0-0 a6 10. Nxd6+ Bxd6 11. Qxd6 Qxd6 12. Rxd6 Ke7 13. Rd2 h6 14. Be3 Rhc8 15. f4 h5 16. e5 Ng4 17. Bb6 f6 18. exf6+ Nxf6 19. Be2 Nb4 20. Bf3 Rc4 21. a3 Nbd5 22. Nxd5+ exd5 23. Bxd5 Nxd5 24. Rxd5 Bc6 25. Re1+ Kf6 26. Bd4+ Kf7 27. Rf5+ Kg8 28. c3 Be8 29. Re7 Rxd4 30. cxd4 Rc8+ 31. Rc5 Rd8 32. Rcc7 g6 33. Kc2 Bc6 34. g3 Kf8 35. Kd3 Bd5 36. Red7 1-0

[Event "CRO Cup 17th"]
[Site "Sibenik"]
[Date "2008.05.23"]
[Round "3"]
[White "Medic, Mirjana"]
[Black "Messing, Hrvoje"]
[Result "1/2-1/2"]
[WhiteElo "2266"]
[BlackElo "2359"]
[PlyCount "22"]
[EventDate "2008.05.21"]
[EventType "swiss"]
[EventRounds "5"]
[EventCountry "CRO"]
[SourceTitle "CBM 124 Extra"]
[Source "ChessBase"]
[SourceDate "2008.07.03"]
[SourceVersion "1"]
[SourceVersionDate "2008.07.03"]
[SourceQuality "1"]

1. d4 Nf6 2. c4 c5 3. d5 e5 4. Nc3 d6 5. e4 g6 6. h3 Bg7 7. Bd3 0-0 8. Nge2 Na6 9. g4 Nc7 10. Ng3 a6 11. a4 b6 1/2-1/2

[Event "Bizovac Metalis op 14th"]
[Site "Bizovac"]
[Date "2007.02.22"]
[Round "1"]
[White "Messing, Hrvoje"]
[Black "Videkovic, Marina"]
[Result "1-0"]
[WhiteElo "2347"]
[BlackElo "1930"]
[PlyCount "63"]
[EventDate "2007.02.22"]
[EventType "swiss"]
[EventRounds "7"]
[EventCountry "CRO"]
[SourceTitle "CBM 116 Extra"]
[Source "ChessBase"]
[SourceDate "2007.03.07"]
[SourceVersion "1"]
[SourceVersionDate "2007.03.07"]
[SourceQuality "1"]

1. e4 c5 2. Nf3 d6 3. d4 cxd4 4. Nxd4 Nf6 5. Nc3 a6 6. Be2 e5 7. Nb3 Be6 8. f4 exf4 9. Bxf4 Nc6 10. Qd2 Bxb3 11. axb3 Ne5 12. 0-0 Be7 13. Nd5 Nxd5 14. Qxd5 Qb6+ 15. Kh1 0-0 16. c3 Rad8 17. b4 Ng6 18. Bg3 Bf6 19. Bc4 Ne5 20. Bb3 Ng4 21. Qh5 Ne5 22. Qe2 Ng6 23. Rf5 Be5 24. Raf1 Bxg3 25. Rxf7 Rxf7 26. Bxf7+ Kh8 27. hxg3 Ne5 28. Bd5 Qc7 29. Qh5 Qe7 30. Qh4 g5 31. Qh6 Re8 32. Qf6+ 1-0

[Event "CRO-chT3 East-A"]
[Site "Croatia"]
[Date "2005.03.13"]
[Round "1.1"]
[White "Dusper, Hrvoje"]
[Black "Messing, Hrvoje"]
[Result "1/2-1/2"]
[WhiteElo "2212"]
[BlackElo "2332"]
[PlyCount "24"]
[EventDate "2005.03.13"]
[EventType "team-tourn"]
[EventRounds "11"]
[EventCountry "CRO"]
[SourceTitle "EXT 2007"]
[Source "ChessBase"]
[SourceDate "2006.11.23"]
[SourceVersion "1"]
[SourceVersionDate "2006.11.23"]
[SourceQuality "1"]
[WhiteTeam "Dzurcenovac"]
[BlackTeam "Kutjevo"]
[WhiteTeamCountry "CRO"]
[BlackTeamCountry "CRO"]

1. Nf3 d5 2. g3 c5 3. Bg2 Nc6 4. d4 e6 5. 0-0 Nf6 6. c4 dxc4 7. Qa4 Qb6 8. Ne5 cxd4 9. Nd2 Nd5 10. Ndxc4 Qb4 11. Qd1 Nxe5 12. Nxe5 Bd6 1/2-1/2

[Event "CRO-chT"]
[Site "Tucepi"]
[Date "1996.??.??"]
[Round "?"]
[White "Loncar, Robert"]
[Black "Messing, Hrvoje"]
[Result "1-0"]
[WhiteElo "2455"]
[BlackElo "2335"]
[PlyCount "88"]
[EventDate "1996.??.??"]
[EventType "team"]
[EventRounds "9"]
[EventCountry "CRO"]
[SourceTitle "EXT 1998"]
[Source "ChessBase"]
[SourceDate "1997.11.17"]
[SourceVersion "1"]
[SourceVersionDate "1997.11.17"]
[SourceQuality "1"]

1. Nf3 f5 2. d4 Nf6 3. g3 e6 4. Bg2 Be7 5. 0-0 0-0 6. c4 d6 7. Nc3 Qe8 8. Qd3 Qh5 9. Bg5 Nc6 10. Nb5 Bd8 11. Bxf6 Rxf6 12. d5 exd5 13. cxd5 Ne5 14. Nxe5 dxe5 15. d6 cxd6 16. Nxd6 Rh6 17. h4 Be6 18. Bd5 f4 19. Qb3 Qg4 20. Qxb7 fxg3 21. Bxe6+ Qxe6 22. Qxa8 gxf2+ 23. Rxf2 Qxd6 24. Raf1 Qg6+ 25. Rg2 Qb6+ 26. Rff2 Rd6 27. Qf3 Bf6 28. e3 h6 29. Rg4 Qd8 30. Kg2 Kh8 31. h5 Qc8 32. Qe4 Rd1 33. Rc2 Qd7 34. Rf2 Rc1 35. Qa8+ Kh7 36. Qf3 Kh8 37. b3 Rc3 38. Rc4 Rd3 39. Qa8+ Kh7 40. Qe4+ Kh8 41. Rfc2 Rd1 42. Rc8+ Bd8 43. Rf2 Qe7 44. Qg4 Qd6 1-0

[Event "CRO-Cup"]
[Site "Pula"]
[Date "1996.??.??"]
[Round "?"]
[White "Messing, Hrvoje"]
[Black "Cvitan, Ognjen"]
[Result "1/2-1/2"]
[WhiteElo "2335"]
[BlackElo "2540"]
[PlyCount "64"]
[EventDate "1996.??.??"]
[EventType "team"]
[EventRounds "5"]
[EventCountry "CRO"]
[SourceTitle "EXT 1999"]
[Source "ChessBase"]
[SourceDate "1998.11.16"]
[SourceVersion "1"]
[SourceVersionDate "1998.11.16"]
[SourceQuality "1"]

1. e4 c5 2. Nf3 e6 3. d4 cxd4 4. Nxd4 Nf6 5. Nc3 d6 6. g4 Nc6 7. g5 Nd7 8. Be3 Be7 9. h4 0-0 10. Bc4 Nde5 11. Bb3 Nxd4 12. Bxd4 Bd7 13. f4 Nc6 14. Be3 Na5 15. Qd3 Bc6 16. 0-0-0 Nxb3+ 17. axb3 f5 18. gxf6 Rxf6 19. Rhg1 Bf8 20. f5 Qd7 21. Rdf1 Re8 22. Bd4 Rf7 23. h5 h6 24. f6 e5 25. Be3 Re6 26. Nd5 Bxd5 27. Qxd5 Kh7 28. fxg7 Bxg7 29. Bxa7 Ref6 30. Rxf6 Rxf6 31. Kb1 Qf7 32. Qd1 Rf4 1/2-1/2

[Event "CRO-chT"]
[Site "Tucepi"]
[Date "1996.??.??"]
[Round "?"]
[White "Messing, Hrvoje"]
[Black "Dizdar, Goran"]
[Result "1-0"]
[WhiteElo "2335"]
[BlackElo "2525"]
[PlyCount "69"]
[EventDate "1996.??.??"]
[EventType "team"]
[EventRounds "9"]
[EventCountry "CRO"]
[SourceTitle "EXT 1998"]
[Source "ChessBase"]
[SourceDate "1997.11.17"]
[SourceVersion "1"]
[SourceVersionDate "1997.11.17"]
[SourceQuality "1"]

1. e4 e6 2. d4 d5 3. Nc3 Nf6 4. Bg5 dxe4 5. Nxe4 Be7 6. Bxf6 Bxf6 7. Nf3 0-0 8. Bd3 Nd7 9. Nxf6+ Nxf6 10. Qd2 b6 11. 0-0-0 Bb7 12. Ne5 c5 13. dxc5 bxc5 14. f3 Qc7 15. Rhe1 Rab8 16. g4 Rfd8 17. g5 Nd5 18. a3 Nb6 19. Qf4 Rd4 20. Qg3 g6 21. c3 Rdd8 22. Qh4 Rd5 23. f4 Rbd8 24. Re3 Qe7 25. Ng4 Nd7 26. f5 c4 27. f6 Qf8 28. Nh6+ Kh8 29. Rh3 Nxf6 30. Rf1 Rxd3 31. Rxd3 cxd3 32. Rxf6 d2+ 33. Kd1 Rd7 34. Qf4 Kg7 35. Qe5 1-0

[Event "CRO-chT"]
[Site "Tucepi"]
[Date "1996.??.??"]
[Round "?"]
[White "Messing, Hrvoje"]
[Black "Kovacevic, Vlatko"]
[Result "1/2-1/2"]
[WhiteElo "2335"]
[BlackElo "2445"]
[PlyCount "106"]
[EventDate "1996.??.??"]
[EventType "team"]
[EventRounds "9"]
[EventCountry "CRO"]
[SourceTitle "EXT 1998"]
[Source "ChessBase"]
[SourceDate "1997.11.17"]
[SourceVersion "1"]
[SourceVersionDate "1997.11.17"]
[SourceQuality "1"]

1. e4 e6 2. d4 d5 3. Nc3 Nf6 4. Bg5 Be7 5. e5 Nfd7 6. Bxe7 Qxe7 7. f4 a6 8. Nf3 c5 9. Qd2 Nc6 10. dxc5 Nxc5 11. Bd3 b5 12. 0-0 Bb7 13. Rae1 b4 14. Ne2 0-0 15. Ned4 Nxd4 16. Nxd4 Ne4 17. Qe3 f6 18. Bxe4 dxe4 19. f5 exf5 20. exf6 Qxf6 21. Rxf5 Qb6 22. Ref1 Rxf5 23. Nxf5 Qxe3+ 24. Nxe3 Rd8 25. Rf5 Rd6 26. Kf2 Bc6 27. Ke1 g6 28. Rc5 Bb5 29. Rd5 Rxd5 30. Nxd5 a5 31. Kd2 Kf7 32. b3 Bc6 33. Ne3 Ke6 34. c3 bxc3+ 35. Kxc3 a4 36. bxa4 Bxa4 37. Kd4 Bc6 38. g3 g5 39. Kc5 Bd7 40. Kd4 Bc6 41. g4 Kf6 42. Kc5 Be8 43. Kd4 Bc6 44. a3 Kg6 45. Nf5 Bd7 46. Kxe4 h5 47. h3 hxg4 48. hxg4 Kf6 49. Ne3 Ke6 50. Nc4 Bc6+ 51. Kd4 Bf3 52. Ne3 Kd6 53. a4 Kc6 1/2-1/2

[Event "CRO-chT2"]
[Site "Opatija"]
[Date "1995.??.??"]
[Round "?"]
[White "Messing, Hrvoje"]
[Black "Biliskov, Vjekoslav"]
[Result "1/2-1/2"]
[WhiteElo "2340"]
[BlackElo "2320"]
[PlyCount "63"]
[EventDate "1995.??.??"]
[EventType "team"]
[EventRounds "9"]
[EventCountry "CRO"]
[SourceTitle "EXT 1998"]
[Source "ChessBase"]
[SourceDate "1997.11.17"]
[SourceVersion "1"]
[SourceVersionDate "1997.11.17"]
[SourceQuality "1"]

1. e4 c5 2. Nf3 d6 3. d4 cxd4 4. Nxd4 Nf6 5. Nc3 Nc6 6. Bg5 e6 7. Qd2 a6 8. 0-0-0 h6 9. Be3 Be7 10. f3 Nxd4 11. Bxd4 b5 12. Qf2 Bd7 13. e5 dxe5 14. Bxe5 Qa5 15. Kb1 Bc6 16. Bd3 0-0 17. Ne4 Nxe4 18. fxe4 f6 19. Bd4 Qc7 20. g4 Qb7 21. Rhe1 e5 22. Bc3 Bd7 23. Qg3 Be6 24. h4 b4 25. Bd2 g5 26. Rh1 Kg7 27. Rh2 Qc7 28. Rdh1 Rh8 29. hxg5 hxg5 30. Rh3 Rag8 31. b3 Qc8 32. Be2 1/2-1/2

[Event "CRO-chT2"]
[Site "Opatija"]
[Date "1995.??.??"]
[Round "?"]
[White "Podobnik, Marijan"]
[Black "Messing, Hrvoje"]
[Result "1/2-1/2"]
[WhiteElo "2300"]
[BlackElo "2340"]
[PlyCount "43"]
[EventDate "1995.??.??"]
[EventType "team"]
[EventRounds "9"]
[EventCountry "CRO"]
[SourceTitle "EXT 1998"]
[Source "ChessBase"]
[SourceDate "1997.11.17"]
[SourceVersion "1"]
[SourceVersionDate "1997.11.17"]
[SourceQuality "1"]

1. e4 e5 2. Nf3 Nc6 3. Bb5 a6 4. Bxc6 dxc6 5. 0-0 f6 6. d4 exd4 7. Nxd4 c5 8. Nb3 Qxd1 9. Rxd1 Bd7 10. Bf4 0-0-0 11. Nc3 g5 12. Bg3 h5 13. Nd5 Bd6 14. e5 Bxe5 15. Bxe5 fxe5 16. Nxc5 Bc6 17. Nb4 Rxd1+ 18. Rxd1 Ne7 19. Nxc6 Nxc6 20. c3 g4 21. Kf1 h4 22. Rd3 1/2-1/2

[Event "CRO-chT"]
[Site "Makarska"]
[Date "1994.??.??"]
[Round "4"]
[White "Messing, Hrvoje"]
[Black "Mufic, Goran"]
[Result "1/2-1/2"]
[WhiteElo "2360"]
[BlackElo "2315"]
[PlyCount "24"]
[EventDate "1994.??.??"]
[EventType "team"]
[EventRounds "9"]
[EventCountry "CRO"]
[SourceTitle "EXT 1997"]
[Source "ChessBase"]
[SourceDate "1996.11.15"]
[SourceVersion "1"]
[SourceVersionDate "1996.11.15"]
[SourceQuality "1"]

1. e4 c6 2. Nf3 d5 3. Nc3 Bg4 4. h3 Bxf3 5. Qxf3 e6 6. d4 Nf6 7. Bg5 Be7 8. 0-0-0 h6 9. Bh4 dxe4 10. Nxe4 Nxe4 11. Bxe7 Kxe7 12. Qxe4 Qd5 1/2-1/2

[Event "CRO-chT"]
[Site "Pula"]
[Date "1993.??.??"]
[Round "4"]
[White "Dizdarevic, Emir"]
[Black "Messing, Hrvoje"]
[Result "1/2-1/2"]
[WhiteElo "2540"]
[BlackElo "2355"]
[PlyCount "50"]
[EventDate "1993.??.??"]
[EventType "team"]
[EventRounds "9"]
[EventCountry "CRO"]
[SourceTitle "EXT 1999"]
[Source "ChessBase"]
[SourceDate "1998.11.16"]
[SourceVersion "1"]
[SourceVersionDate "1998.11.16"]
[SourceQuality "1"]

1. Nf3 Nf6 2. g3 b5 3. Bg2 Bb7 4. Na3 a6 5. c4 b4 6. Nc2 e6 7. d4 c5 8. 0-0 cxd4 9. Nfxd4 Bxg2 10. Kxg2 Qc7 11. Qd3 Nc6 12. b3 Be7 13. Qf3 0-0 14. Nxc6 Qxc6 15. Qxc6 dxc6 16. a3 a5 17. axb4 axb4 18. Bg5 c5 19. f3 h6 20. Be3 Rfc8 21. Rfd1 Kf8 22. Ne1 Ke8 23. Nd3 Nd7 24. g4 Rcb8 25. Bf2 Ra3 1/2-1/2

[Event "CRO-chT"]
[Site "Pula"]
[Date "1993.??.??"]
[Round "9"]
[White "Lalic, Bogdan"]
[Black "Messing, Hrvoje"]
[Result "1-0"]
[WhiteElo "2515"]
[BlackElo "2355"]
[PlyCount "63"]
[EventDate "1993.??.??"]
[EventType "team"]
[EventRounds "9"]
[EventCountry "CRO"]
[SourceTitle "EXT 1999"]
[Source "ChessBase"]
[SourceDate "1998.11.16"]
[SourceVersion "1"]
[SourceVersionDate "1998.11.16"]
[SourceQuality "1"]

1. c4 e5 2. Nc3 Nc6 3. Nf3 Nf6 4. g3 Bb4 5. Bg2 0-0 6. 0-0 Re8 7. d3 d5 8. cxd5 Nxd5 9. Nxd5 Qxd5 10. Be3 Qe6 11. a3 Bf8 12. b4 a5 13. b5 Nd8 14. Qc2 c6 15. d4 cxb5 16. Nxe5 f6 17. Nd3 Bd7 18. d5 Qf7 19. Qd2 Bd6 20. Nc5 Bf5 21. Rfc1 Qe7 22. Qb2 Be5 23. Bd4 Bxd4 24. Qxd4 Nf7 25. e4 Bc8 26. f4 Nd6 27. Re1 b6 28. Nb3 b4 29. axb4 Ba6 30. e5 Bd3 31. Qxd3 fxe5 32. fxe5 1-0

[Event "CRO-chT"]
[Site "Pula"]
[Date "1993.??.??"]
[Round "5"]
[White "Messing, Hrvoje"]
[Black "Begovac, Franja"]
[Result "1-0"]
[WhiteElo "2355"]
[BlackElo "2405"]
[PlyCount "61"]
[EventDate "1993.??.??"]
[EventType "team"]
[EventRounds "9"]
[EventCountry "CRO"]
[SourceTitle "EXT 1999"]
[Source "ChessBase"]
[SourceDate "1998.11.16"]
[SourceVersion "1"]
[SourceVersionDate "1998.11.16"]
[SourceQuality "1"]

1. e4 Nf6 2. e5 Nd5 3. d4 d6 4. Nf3 g6 5. Be2 Bg7 6. 0-0 0-0 7. c4 Nb6 8. Nc3 Nc6 9. exd6 cxd6 10. Be3 Bg4 11. b3 d5 12. c5 Nc8 13. b4 a6 14. Rb1 e6 15. a4 N8e7 16. b5 axb5 17. axb5 Bxf3 18. Bxf3 Na5 19. Be2 Nf5 20. Rb4 Nxe3 21. fxe3 Qg5 22. Rf3 e5 23. dxe5 Qxe5 24. Nxd5 Rfd8 25. Rd4 f5 26. Rf2 Rab8 27. Bf3 f4 28. Rxf4 Kh8 29. Rd4 Re8 30. Rfd2 Rbd8 31. Re4 1-0

[Event "Bakic Memorial"]
[Site "Stara Pazova"]
[Date "1982.09.30"]
[Round "13"]
[White "Vaisman, Volodia"]
[Black "Messing, Hrvoje"]
[Result "1-0"]
[WhiteElo "2380"]
[BlackElo "2430"]
[PlyCount "113"]
[EventDate "1982.09.18"]
[EventType "tourn"]
[EventRounds "15"]
[EventCountry "YUG"]
[EventCategory "5"]
[SourceTitle "EXT 2012"]
[Source "ChessBase"]
[SourceDate "2011.11.24"]
[SourceVersion "1"]
[SourceVersionDate "2011.11.24"]
[SourceQuality "1"]

1. d4 Nf6 2. c4 e6 3. Nc3 d5 4. Nf3 c5 5. cxd5 exd5 6. g3 Nc6 7. Bg2 Be7 8. 0-0 0-0 9. dxc5 Bxc5 10. Bg5 d4 11. Bxf6 Qxf6 12. Nd5 Qd8 13. Nd2 Be6 14. Nf4 Bf5 15. Rc1 Bd6 16. Nd3 Rc8 17. Nb3 Re8 18. Re1 Be4 19. Bxe4 Rxe4 20. Ndc5 Bxc5 21. Nxc5 Re7 22. Nb3 Qd7 23. Nxd4 Ne5 24. Rxc8+ Qxc8 25. Nf5 Rd7 26. Qc1 Qd8 27. Qc5 Nc6 28. Qc3 Qg5 29. e4 f6 30. Kg2 Qd2 31. Qc4+ Kf8 32. Re2 Qd3 33. Qxd3 Rxd3 34. Rc2 g6 35. Ne3 Rd4 36. f3 Rd3 37. Nd5 Kf7 38. Nf4 Rd1 39. a3 g5 40. Ne2 h5 41. h4 g4 42. f4 Ke6 43. Kf2 Rd3 44. Ke1 Re3 45. Rc4 Kd6 46. Kd2 Rb3 47. Rc2 a5 48. Kd1 Re3 49. Rd2+ Ke6 50. Rd5 Rxe4 51. Rxh5 b5 52. Rc5 Kd6 53. Rc1 b4 54. Kd2 Ne7 55. Kd3 f5 56. Rc4 Kd5 57. Rd4+ 1-0

[Event "Bakic Memorial"]
[Site "Stara Pazova"]
[Date "1982.09.28"]
[Round "11"]
[White "Ostojic, Predrag"]
[Black "Messing, Hrvoje"]
[Result "1/2-1/2"]
[WhiteElo "2420"]
[BlackElo "2430"]
[PlyCount "20"]
[EventDate "1982.09.18"]
[EventType "tourn"]
[EventRounds "15"]
[EventCountry "YUG"]
[EventCategory "5"]
[SourceTitle "EXT 2012"]
[Source "ChessBase"]
[SourceDate "2011.11.24"]
[SourceVersion "1"]
[SourceVersionDate "2011.11.24"]
[SourceQuality "1"]

1. e4 c5 2. Nf3 Nc6 3. Bb5 g6 4. 0-0 Bg7 5. Re1 e5 6. c3 Nge7 7. d3 0-0 8. Ba4 d6 9. Nbd2 h6 10. Nf1 f5 1/2-1/2

[Event "Bakic Memorial"]
[Site "Stara Pazova"]
[Date "1982.09.22"]
[Round "5"]
[White "Kosanovic, Goran A"]
[Black "Messing, Hrvoje"]
[Result "1/2-1/2"]
[WhiteElo "2200"]
[BlackElo "2430"]
[PlyCount "103"]
[EventDate "1982.09.18"]
[EventType "tourn"]
[EventRounds "15"]
[EventCountry "YUG"]
[EventCategory "5"]
[SourceTitle "EXT 2012"]
[Source "ChessBase"]
[SourceDate "2011.11.24"]
[SourceVersion "1"]
[SourceVersionDate "2011.11.24"]
[SourceQuality "1"]

1. e4 e5 2. Nf3 Nc6 3. Bb5 a6 4. Ba4 Nf6 5. 0-0 Be7 6. Re1 b5 7. Bb3 0-0 8. a4 b4 9. c3 bxc3 10. bxc3 d6 11. d4 Bg4 12. Qd3 Bxf3 13. gxf3 Na5 14. Bc2 Nh5 15. f4 Nxf4 16. Bxf4 exf4 17. Nd2 g6 18. Qf3 Bg5 19. Rad1 Qd7 20. e5 d5 21. e6 fxe6 22. Qg4 Bf6 23. Rxe6 Nb7 24. Nb3 Kg7 25. Rde1 Rae8 26. a5 Rxe6 27. Qxe6 Qb5 28. Qe2 Qxe2 29. Rxe2 Bd8 30. Re6 Rf6 31. Rxf6 Kxf6 32. Bd3 c6 33. Bxa6 Nxa5 34. Nd2 Ke6 35. Kg2 Bf6 36. Kf3 c5 37. Kxf4 cxd4 38. cxd4 Bxd4 39. Nf3 Bf6 40. Bd3 Nb7 41. h4 Nc5 42. Bb1 Be7 43. h5 Kf6 44. hxg6 hxg6 45. Ng1 Na4 46. Nh3 Nc3 47. Bc2 Bd8 48. Kg4 Bb6 49. Nf4 g5 50. Nh5+ Ke5 51. f4+ gxf4 52. Nxf4 1/2-1/2

[Event "YUG Team Cup-25"]
[Site "Pula"]
[Date "1982.05.20"]
[Round "4.1"]
[White "Pocuca, Bogdan"]
[Black "Messing, Hrvoje"]
[Result "1/2-1/2"]
[WhiteElo "2325"]
[BlackElo "2430"]
[PlyCount "96"]
[EventDate "1982.05.17"]
[EventType "team-swiss"]
[EventRounds "5"]
[EventCountry "YUG"]
[SourceTitle "EXT 2009"]
[Source "ChessBase"]
[SourceDate "2008.11.26"]
[SourceVersion "1"]
[SourceVersionDate "2008.11.26"]
[SourceQuality "1"]
[WhiteTeam "Osijek Metalac"]
[BlackTeam "Ivan Kurjacki"]
[WhiteTeamCountry "YUG"]
[BlackTeamCountry "YUG"]

1. Nf3 d5 2. d4 Bf5 3. c4 e6 4. Nc3 c6 5. e3 Nd7 6. Be2 h6 7. 0-0 Ngf6 8. Nd2 Bd6 9. Re1 0-0 10. Bf3 Qc7 11. h3 Rfe8 12. e4 dxe4 13. Ndxe4 Bf8 14. Ng3 Bg6 15. Be3 e5 16. d5 e4 17. Be2 Rad8 18. dxc6 Nc5 19. Qc2 bxc6 20. Red1 Bd6 21. Nf1 Ne6 22. a3 Nf4 23. b4 Nxe2+ 24. Nxe2 Be5 25. Rxd8 Rxd8 26. Rb1 Nd7 27. a4 Nf8 28. a5 Ne6 29. Qa4 f5 30. g3 Be8 31. Qa2 c5 32. bxc5 g5 33. Qc2 Bc6 34. Bd2 Rd3 35. Bc3 Bxc3 36. Nxc3 Nd4 37. Qb2 Rxc3 38. Ne3 f4 39. Nd5 Bxd5 40. cxd5 fxg3 41. d6 gxf2+ 42. Kf1 Qxc5 43. Qb8+ Kf7 44. Rb7+ Ke6 45. Re7+ Kd5 46. Qg8+ Kc6 47. Qe8+ Kd5 48. Qf7+ Kc6 1/2-1/2

[Event "YUG-ch35"]
[Site "Skender Vakuf (Knezevo)"]
[Date "1980.03.08"]
[Round "15"]
[White "Rogulj, Branko"]
[Black "Messing, Hrvoje"]
[Result "1/2-1/2"]
[WhiteElo "2460"]
[BlackElo "2460"]
[PlyCount "24"]
[EventDate "1980.02.20"]
[EventType "swiss"]
[EventRounds "15"]
[EventCountry "YUG"]
[SourceTitle "EXT 2004"]
[Source "ChessBase"]
[SourceDate "2003.11.25"]
[SourceVersion "1"]
[SourceVersionDate "2003.11.25"]
[SourceQuality "1"]

1. e4 e5 2. Nf3 Nc6 3. Bb5 a6 4. Ba4 Nf6 5. 0-0 Be7 6. Re1 b5 7. Bb3 d6 8. c3 0-0 9. h3 Na5 10. Bc2 c5 11. d4 cxd4 12. cxd4 Qc7 1/2-1/2